000 00507cam a2200181ua 4500
020 _c248.00
041 _aeng
_h
082 _a630.2195
_bDAM/ST
100 _aDamaraju, Ragavarao .
245 _aStatistical techniques in agricultural and biological research /
_cDamaraju Raghavarao.
_hTextual Documents
250 _a1 /
_b.
260 _aNew Delhi :
_bOxford & IBH Publishing company ,
_c1983.
300 _a367 ; .
365 _a248.00
504 _a
942 _cBK
999 _c9348
_d9348